[Event "POL-chT 2nd League"]
[Site "Jastrzebia Gora"]
[Date "2019.09.08"]
[Round "2.5"]
[White "Stanach, Fabian"]
[Black "Punin, Andrii"]
[Result "1/2-1/2"]
[WhiteElo "2038"]
[BlackElo "2325"]
[PlyCount "49"]
[EventDate "2019.09.07"]
[EventType "team-swiss"]
[EventRounds "9"]
[EventCountry "POL"]
[SourceTitle "EXT 2020"]
[Source "ChessBase"]
[SourceDate "2019.10.17"]
[SourceVersion "1"]
[SourceVersionDate "2019.10.17"]
[SourceQuality "1"]
[WhiteTeam "Myslenice MLKSz"]
[BlackTeam "Rodlo Opole"]
[WhiteTeamCountry "POL"]
[BlackTeamCountry "POL"]

1. Nf3 d5 2. c4 d4 3. b4 f6 4. Bb2 e5 5. Qb3 c5 6. d3 a5 7. b5 b6 8. g3 Bb7 9. Bg2 Qc7 10. e4 Bd6 11. Bh3 Bc8 12. Bxc8 Qxc8 13. Qd1 Ra7 14. Nbd2 Rf7 15. Qe2 Ne7 16. 0-0-0 Nd7 17. h4 g6 18. h5 g5 19. Nh2 Nf8 20. Qg4 Qxg4 21. Nxg4 Ne6 22. Nh6 Rff8 23. Nf5 Kd7 24. Nxe7 Bxe7 25. g4 1/2-1/2

[Event "POL-chT 2nd League"]
[Site "Jastrzebia Gora"]
[Date "2019.09.07"]
[Round "1.11"]
[White "Piliczewski, Bogusz"]
[Black "Stanach, Fabian"]
[Result "0-1"]
[WhiteElo "1988"]
[BlackElo "2038"]
[PlyCount "148"]
[EventDate "2019.09.07"]
[EventType "team-swiss"]
[EventRounds "9"]
[EventCountry "POL"]
[SourceTitle "EXT 2020"]
[Source "ChessBase"]
[SourceDate "2019.10.17"]
[SourceVersion "1"]
[SourceVersionDate "2019.10.17"]
[SourceQuality "1"]
[WhiteTeam "Gdansk Korona"]
[BlackTeam "Myslenice MLKSz"]
[WhiteTeamCountry "POL"]
[BlackTeamCountry "POL"]

1. d4 d5 2. Nf3 Nf6 3. c4 c6 4. e3 Bf5 5. Nc3 e6 6. Bd3 Bxd3 7. Qxd3 Nbd7 8. 0-0 Be7 9. e4 dxe4 10. Nxe4 Nxe4 11. Qxe4 0-0 12. Bf4 Nf6 13. Qe2 Qb6 14. Rad1 Rad8 15. Rd3 Qa6 16. b3 Rfe8 17. Rfd1 b5 18. Rc3 bxc4 19. Qxc4 Qxa2 20. Rc2 Qa3 21. Bc1 Qb4 22. Qxb4 Bxb4 23. Rxc6 a5 24. Bd2 Nd5 25. Bxb4 axb4 26. Rdc1 Kf8 27. R6c4 Ra8 28. g3 Ra3 29. Rb1 f6 30. Nd2 Ra2 31. Ne4 Re2 32. Nc5 Ra8 33. Nd3 Rb8 34. Re1 Rxe1+ 35. Nxe1 Ke7 36. Nd3 Kd6 37. f4 h5 38. h4 g6 39. Kf2 Kd7 40. Kf3 Kd6 41. Kf2 Kd7 42. Ke1 Ne3 43. Rc1 Nf5 44. Kf2 Nxd4 45. Nc5+ Ke7 46. Rc4 Nc6 47. Nxe6 Kxe6 48. Rxc6+ Kf5 49. Kf3 Rb5 50. Rc4 g5 51. fxg5 fxg5 52. hxg5 Kxg5 53. Ke3 Rb8 54. Rd4 Rb7 55. Kd3 Rb8 56. Kc4 Rb7 57. Kc5 Rb8 58. Re4 Kf5 59. Rh4 Kg5 60. Kc6 Rc8+ 61. Kb7 Rc3 62. Rxb4 Rxg3 63. Rb5+ Kg4 64. b4 h4 65. Rc5 h3 66. Rc4+ Kh5 67. Rc8 Rb3 68. Rc5+ Kg4 69. Rc4+ Kg3 70. Kc6 h2 71. Rc1 Rxb4 72. Rc3+ Kg4 73. Rc1 Rb2 74. Kd6 Kg3 0-1

[Event "POL-chT 2nd League"]
[Site "Jastrzebia Gora"]
[Date "2016.09.06"]
[Round "4.67"]
[White "Stanach, Fabian"]
[Black "Zakrzewski, Marek"]
[Result "0-1"]
[WhiteElo "2062"]
[BlackElo "2233"]
[PlyCount "140"]
[EventDate "2016.09.03"]
[EventType "team-swiss"]
[EventRounds "9"]
[EventCountry "POL"]
[SourceTitle "EXT 2017"]
[Source "ChessBase"]
[SourceDate "2016.10.25"]
[SourceVersion "1"]
[SourceVersionDate "2016.10.25"]
[SourceQuality "1"]
[WhiteTeam "Myslenice MLKSz"]
[BlackTeam "Steszew Lipno"]
[WhiteTeamCountry "POL"]
[BlackTeamCountry "POL"]

1. d4 Nf6 2. Nf3 e6 3. c4 Bb4+ 4. Bd2 a5 5. g3 d6 6. Bg2 Nbd7 7. 0-0 e5 8. a3 Bxd2 9. Qxd2 exd4 10. Nxd4 0-0 11. b3 Ne5 12. Qc2 c6 13. Nc3 Re8 14. Rad1 Qc7 15. Rd2 Bd7 16. Rfd1 Rad8 17. Ne4 Nxe4 18. Bxe4 g6 19. Bg2 Bc8 20. h3 Qb6 21. Qc3 Qc5 22. f4 f6 23. Kh2 Nf7 24. b4 axb4 25. axb4 Qh5 26. e4 Bg4 27. Ra1 g5 28. Rf2 Bxh3 29. Bxh3 g4 30. Nf5 Re6 31. Kh1 Nh6 32. Rh2 gxh3 33. g4 Nxg4 34. Rg1 Kh8 35. Qf3 Rg8 36. Ng3 Qh4 37. Nf5 Qh5 38. Ng3 Qh6 39. Nf5 Qg6 40. Rxh3 Rxe4 41. Nxd6 Re7 42. Rh4 Ne5 43. Rxg6 Nxf3 44. Rxg8+ Kxg8 45. Rg4+ Kf8 46. Kg2 Ne1+ 47. Kg3 Nc2 48. b5 Ne3 49. bxc6 bxc6 50. Rh4 Rd7 51. Kf3 Rxd6 52. Kxe3 Re6+ 53. Kd4 Kg7 54. Rg4+ Kf7 55. Kc5 h5 56. Rg1 Re4 57. f5 Rf4 58. Rh1 h4 59. Rc1 Rxf5+ 60. Kxc6 Ke6 61. c5 h3 62. Kc7 Rh5 63. c6 Rh8 64. Rh1 Kf5 65. Rf1+ Kg5 66. Kd7 h2 67. c7 Kg4 68. Rxf6 h1Q 69. c8Q Rxc8 70. Kxc8 Qh8+ 0-1

[Event "POL-chT2"]
[Site "Poronin"]
[Date "2013.09.15"]
[Round "9"]
[White "Janus, Przemyslaw"]
[Black "Stanach, Fabian"]
[Result "1-0"]
[WhiteElo "2133"]
[BlackElo "2055"]
[PlyCount "157"]
[EventDate "2013.09.06"]
[EventType "team-swiss"]
[EventRounds "9"]
[EventCountry "POL"]
[SourceTitle "EXT 2015"]
[Source "ChessBase"]
[SourceDate "2014.11.20"]
[SourceVersion "1"]
[SourceVersionDate "2014.11.20"]
[SourceQuality "1"]
[WhiteTeam "Czarna LKSz GCKiP"]
[BlackTeam "Myslenice MLKSz"]
[WhiteTeamCountry "POL"]
[BlackTeamCountry "POL"]

1. d4 Nf6 2. c4 c5 3. d5 b5 4. cxb5 a6 5. b6 d6 6. Nc3 Nbd7 7. e4 g6 8. Nf3 Bg7 9. Nd2 0-0 10. a4 Qxb6 11. a5 Qa7 12. Nc4 Ne8 13. Be2 Nc7 14. 0-0 Rb8 15. f4 Nb5 16. Na4 Nd4 17. Nab6 Nxb6 18. Nxb6 f5 19. Bd3 fxe4 20. Bxe4 Bd7 21. Ra3 Bb5 22. Re1 Rf7 23. Kh1 Rbf8 24. g3 Kh8 25. Bd2 Bd7 26. Rae3 Bf5 27. Bc3 Bxe4+ 28. Rxe4 Qb7 29. Qg4 Nf5 30. h4 Bd4 31. Kh2 Rg7 32. Re6 Rgf7 33. Kh3 Ng7 34. R6e4 Nf5 35. Qg5 Rf6 36. Re6 Rxe6 37. Rxe6 Rf6 38. Bxd4 cxd4 39. Rxf6 exf6 40. Qxf6+ Qg7 41. Qd8+ Qg8 42. Qxg8+ Kxg8 43. Kg2 d3 44. Kf2 d2 45. Ke2 Nd4+ 46. Kxd2 Nb3+ 47. Kc3 Nxa5 48. Kb4 Nb7 49. Na8 h5 50. Nc7 Kf7 51. Nxa6 Ke7 52. Kb5 Kd7 53. Nb8+ Kc7 54. Nc6 Nc5 55. Ne7 Ne4 56. f5 gxf5 57. Nxf5 Kb7 58. Kc4 Kc7 59. Kd4 Nf6 60. b4 Ne8 61. Ne3 Nf6 62. Nd1 Ng4 63. Nc3 Nh2 64. Ke4 Nf1 65. Kf4 Kd7 66. g4 hxg4 67. Kxg4 Ke7 68. b5 Ne3+ 69. Kg5 Nc4 70. h5 Kf7 71. h6 Nb6 72. Ne4 Nxd5 73. Nxd6+ Kg8 74. b6 Ne7 75. b7 Nc6 76. b8Q+ Nxb8 77. Kg6 Nd7 78. h7+ Kh8 79. Nf7# 1-0

[Event "POL-chT2"]
[Site "Poronin"]
[Date "2013.09.13"]
[Round "7.83"]
[White "Wolski, Marcin"]
[Black "Stanach, Fabian"]
[Result "0-1"]
[WhiteElo "1915"]
[BlackElo "2055"]
[PlyCount "64"]
[EventDate "2013.09.06"]
[EventType "team-swiss"]
[EventRounds "9"]
[EventCountry "POL"]
[SourceTitle "EXT 2015"]
[Source "ChessBase"]
[SourceDate "2014.11.20"]
[SourceVersion "1"]
[SourceVersionDate "2014.11.20"]
[SourceQuality "1"]
[WhiteTeam "Strzelce Opolskie Strzelec"]
[BlackTeam "Myslenice MLKSz"]
[WhiteTeamCountry "POL"]
[BlackTeamCountry "POL"]

1. e4 c5 2. Nf3 d6 3. d4 cxd4 4. Nxd4 Nf6 5. Nc3 a6 6. Bg5 e6 7. f4 Be7 8. Qf3 h6 9. Bxf6 Bxf6 10. 0-0-0 Qb6 11. Nb3 Qc7 12. Kb1 Nc6 13. g4 Bd7 14. h4 0-0-0 15. Bg2 Be7 16. Qf2 Kb8 17. g5 Na5 18. Nxa5 Qxa5 19. Qd2 Rc8 20. e5 d5 21. Ne2 Qb6 22. Nd4 a5 23. Ka1 Rc7 24. Rh3 a4 25. c3 Rhc8 26. Bf1 a3 27. b3 Bb4 28. Ne2 Bb5 29. cxb4 Bxe2 30. Bxe2 Qd4+ 31. Qxd4 Rc1+ 32. Rxc1 Rxc1# 0-1

[Event "POL-chT2"]
[Site "Poronin"]
[Date "2013.09.09"]
[Round "3.64"]
[White "Stanach, Fabian"]
[Black "Grossmann, Ryszard"]
[Result "1/2-1/2"]
[WhiteElo "2055"]
[BlackElo "2171"]
[PlyCount "95"]
[EventDate "2013.09.06"]
[EventType "team-swiss"]
[EventRounds "9"]
[EventCountry "POL"]
[SourceTitle "EXT 2015"]
[Source "ChessBase"]
[SourceDate "2014.11.20"]
[SourceVersion "1"]
[SourceVersionDate "2014.11.20"]
[SourceQuality "1"]
[WhiteTeam "Myslenice MLKSz"]
[BlackTeam "Pegow Wieza"]
[WhiteTeamCountry "POL"]
[BlackTeamCountry "POL"]

1. Nf3 c5 2. c4 g6 3. g3 Bg7 4. Bg2 Nc6 5. 0-0 e6 6. e3 Nge7 7. Nc3 0-0 8. Rb1 d5 9. cxd5 exd5 10. d3 h6 11. a3 Be6 12. Na4 Qd6 13. b4 cxb4 14. axb4 Nxb4 15. Ba3 a5 16. d4 Nec6 17. Qd2 Rfe8 18. Rfc1 Bf8 19. Bf1 Qe7 20. Bb5 Qf6 21. Ne1 Bf5 22. Rb3 Red8 23. Nc5 Bc8 24. Qb2 h5 25. Qa1 Rb8 26. Ncd3 h4 27. Rbc3 hxg3 28. hxg3 Bd7 29. Nc5 Bc8 30. Qb2 Kg7 31. Qd2 Bd7 32. Nxd7 Rxd7 33. Nd3 Nxd3 34. Rxd3 Rdd8 35. Bxf8+ Rxf8 36. Qe2 Nb4 37. Ra3 b6 38. Rc7 Rfc8 39. Rac3 Rxc7 40. Rxc7 Rh8 41. Qg4 Rd8 42. Rb7 Kf8 43. Qh3 Kg7 44. Qg4 Kf8 45. Qh3 Kg7 46. Qg4 Kf8 47. Qh3 Kg7 48. Qg4 1/2-1/2

[Event "Ogolnopolski-ch 55th"]
[Site "Zamosc"]
[Date "2013.??.??"]
[Round "5"]
[White "Kuzmicz, Krystian"]
[Black "Stanach, Fabian"]
[Result "1-0"]
[WhiteElo "2465"]
[BlackElo "2060"]
[PlyCount "61"]
[EventDate "2013.06.07"]
[EventType "swiss"]
[EventRounds "9"]
[EventCountry "POL"]
[SourceTitle "EXT 2014"]
[Source "ChessBase"]
[SourceDate "2013.11.20"]
[SourceVersion "1"]
[SourceVersionDate "2013.11.20"]
[SourceQuality "1"]

1. e4 c5 2. d3 Nc6 3. g3 g6 4. Bg2 Bg7 5. f4 Rb8 6. Nf3 d6 7. 0-0 Nf6 8. h3 0-0 9. Nc3 b5 10. g4 b4 11. Ne2 Qc7 12. Be3 Ba6 13. f5 Rbc8 14. Nf4 Nxe4 15. dxe4 Bxf1 16. Bxf1 Bxb2 17. Rb1 Bg7 18. Bc4 gxf5 19. gxf5 d5 20. Bxd5 Ne5 21. Nh5 Kh8 22. Nxg7 Kxg7 23. Bf4 Nxf3+ 24. Qxf3 Qb6 25. Be5+ f6 26. Bf4 c4+ 27. Kh1 Kh8 28. Rg1 b3 29. Qg2 Qxg1+ 30. Qxg1 b2 31. c3 1-0

[Event "Ogolnopolski-ch 55th"]
[Site "Zamosc"]
[Date "2013.??.??"]
[Round "9"]
[White "Stanach, Fabian"]
[Black "Janus, Przemyslaw"]
[Result "1/2-1/2"]
[WhiteElo "2060"]
[BlackElo "2142"]
[PlyCount "64"]
[EventDate "2013.06.07"]
[EventType "swiss"]
[EventRounds "9"]
[EventCountry "POL"]
[SourceTitle "EXT 2014"]
[Source "ChessBase"]
[SourceDate "2013.11.20"]
[SourceVersion "1"]
[SourceVersionDate "2013.11.20"]
[SourceQuality "1"]

1. Nf3 d5 2. c4 e6 3. g3 Nf6 4. Bg2 Be7 5. 0-0 0-0 6. d4 b6 7. cxd5 Nxd5 8. e4 Nf6 9. Qc2 Bb7 10. Nc3 c5 11. dxc5 Bxc5 12. e5 Nd5 13. Ng5 g6 14. Rd1 Na6 15. Nxd5 Bxd5 16. Qa4 Nb4 17. a3 Be7 18. axb4 Bxg5 19. Bxg5 Qxg5 20. Bxd5 exd5 21. Rxd5 Rfe8 22. Qb3 Qf5 23. Re1 Re6 24. Re3 Rae8 25. Kg2 Rxe5 26. Rdxe5 Rxe5 27. Rxe5 Qxe5 28. b5 Qe4+ 29. Kg1 Qe1+ 30. Kg2 Qe4+ 31. Kg1 Qe1+ 32. Kg2 Qe4+ 1/2-1/2

[Event "Ogolnopolski-ch 55th"]
[Site "Zamosc"]
[Date "2013.??.??"]
[Round "8"]
[White "Szmyd, Marek"]
[Black "Stanach, Fabian"]
[Result "1/2-1/2"]
[WhiteElo "2029"]
[BlackElo "2060"]
[PlyCount "32"]
[EventDate "2013.06.07"]
[EventType "swiss"]
[EventRounds "9"]
[EventCountry "POL"]
[SourceTitle "EXT 2014"]
[Source "ChessBase"]
[SourceDate "2013.11.20"]
[SourceVersion "1"]
[SourceVersionDate "2013.11.20"]
[SourceQuality "1"]

1. e4 c5 2. Nf3 g6 3. d4 cxd4 4. Nxd4 Bg7 5. Nc3 Nc6 6. Be3 Nf6 7. Be2 0-0 8. 0-0 d5 9. exd5 Nxd5 10. Nxd5 Qxd5 11. Bf3 Qc4 12. Be2 Qd5 13. Bf3 Qc4 14. Be2 Qd5 15. Bf3 Qc4 16. Be2 Qd5 1/2-1/2